| 000 | 01058nam a2200229 a 4500 | ||
|---|---|---|---|
| 001 | 21790 | ||
| 003 | CO-ViMGA | ||
| 008 | 141112s2004 ck r 000 u spa d | ||
| 020 | _a9580495661 | ||
| 040 |
_aCO-ViMGA _bspa _cCO-ViMGA |
||
| 082 | 0 | 4 | _a649.1 K173p |
| 100 | 1 |
_aKater, Kathy _931080 |
|
| 245 | 1 | 0 |
_aLas personas de verdad son de todas las tallas : _bDiez lecciones para ayudar a sus hijos a construir una autoestima corporal saludable |
| 260 |
_aBogotá : _bNorma, _c2006 |
||
| 300 | _a251 | ||
| 505 | _aMitos culturales y perdida de la estima corporal 47 - - Cómo el cuerpo regula el peso 121 - - Por que las dietas no funcionan 150 - - Comer bien para tener un peso saludable 164 - - Escoger modelos de vida saludables 227 | ||
| 590 | _aForma de adquisición : Donación fact. 8860 - - Precio : 25000 - - Proveedor : Fundación exito - - Fecha de adquisición : Julio 2007 | ||
| 650 | 1 | 4 |
_aAUTOESTIMA EN NIÑOS _931081 |
| 650 | 1 | 4 |
_aIMAGEN CORPORAL EN LA ADOLESCENCIA _931082 |
| 650 | 1 | 4 |
_aTRANSTRONOS ALIMENTICIOS _931083 |
| 942 |
_2ddc _cBK |
||
| 999 |
_c30341 _d30341 |
||